El arbitraje en equidad / (Registro nro. 49799)

Detalles MARC
000 -LEADER
fixed length control field 01082nam a2200277 4500
001 - CONTROL NUMBER
control field 0000021658
003 - CONTROL NUMBER IDENTIFIER
control field CO-CtgCURN
005 - DATE AND TIME OF LATEST TRANSACTION
control field 20250828152810.0
008 - FIXED-LENGTH DATA ELEMENTS--GENERAL INFORMATION
fixed length control field 160627s2003 000 0 eng d
020 ## - INTERNATIONAL STANDARD BOOK NUMBER
International Standard Book Number 9589687970
040 ## - CATALOGING SOURCE
Original cataloging agency CO-CtgCURN
Language of cataloging spa
Transcribing agency coctgcurn
082 0# - DEWEY DECIMAL CLASSIFICATION NUMBER
Classification number 347.09
Item number G151a
100 1# - MAIN ENTRY--PERSONAL NAME
Personal name Morales Gamboa, Ernesto.
245 13 - TITLE STATEMENT
Title El arbitraje en equidad /
Statement of responsibility, etc. Ernesto Gamboa Morales.
260 ## - PUBLICATION, DISTRIBUTION, ETC.
Place of publication, distribution, etc. Bogotá :
Name of publisher, distributor, etc. Academia Colombiana de Jurisprudencia,
Date of publication, distribution, etc. 2003.
300 ## - PHYSICAL DESCRIPTION
Extent vi, 121 p.
336 ## - CONTENT TYPE
Source rdacontent
337 ## - MEDIA TYPE
Source rdamedia
Media type term sin mediacion
Media type code n
338 ## - CARRIER TYPE
Source rdacarrier
Carrier type term volumen
Carrier type code nc
490 1# - SERIES STATEMENT
Series statement Colección portable
505 8# - FORMATTED CONTENTS NOTE
Formatted contents note Algunas raices historicas del arbitraje en equidad.--La evolucion reciente del arbitraje en equidad en el derecho colombiano.--℗ʺQue es la equidad?.-- ℗ʺExiste un derecho aplicable en los fallos de equidad?.--Laudo en equidad y debido poceso
650 #0 - SUBJECT ADDED ENTRY--TOPICAL TERM
Topical term or geographic name entry element Arbitramento.
908 ## - PUT COMMAND PARAMETER (RLIN)
Put command parameter 160627
942 ## - ADDED ENTRY ELEMENTS (KOHA)
Koha item type Libros
Classification part 347.09
Item part G151a
Source of classification or shelving scheme Dewey Decimal Classification
999 ## - SYSTEM CONTROL NUMBERS (KOHA)
-- 1
Existencias
Withdrawn status Lost status Source of classification or shelving scheme Damaged status Not for loan Home library Current library Shelving location Date acquired Total checkouts Full call number Barcode Date last seen Price effective from Koha item type
    Dewey Decimal Classification     Miguel Henríquez Castañeda Miguel Henríquez Castañeda General 03/04/2019   347.09 G151a 005614 03/04/2019 03/04/2019 Libros